LEADER 01212nam0 2200397 450 001 990000579060203316 005 20101223124813.0 010 $a88-204-7839-0$dL. 30000 020 $aIT$b93-1146 035 $a0057906 035 $aUSA010057906 035 $a(ALEPH)000057906USA01 035 $a0057906 100 $a20010723d1993----y0itay0103 ba 101 $aita 102 $aIT 105 $a00||| 200 1 $aPubblicitàa sociale$elineamenti ed esperienze$fGiovanna Gadotti 210 $aMilano$cF. Angeli$d1993 215 $a206 p.$cill.$d22 cm 225 2 $aImpresa, comunicazione, mercato$v14. 410 0$12001$aImpresa, comunicazione, mercato$v14. 606 $aPubblicità$xAspetti sociali$2SOGI$3CFIC022660 606 $aEducazione sociale$2SOGI$3CFIC008326 676 $a302.23$v19 700 1$aGadotti$b, Giovanna$3CFIV009581$0144066 801 0$aIT$bBNI$c19940808$gRICA 802 $ad 912 $a990000579060203316 959 $aBK 979 $aCHIARA$b40$c20010723$lUSA01$h1059 979 $c20020403$lUSA01$h1707 979 $aPATRY$b90$c20040406$lUSA01$h1640 979 $aPASSARO$b90$c20101223$lUSA01$h1248 996 $aPubblicitàa sociale$9883390 997 $aUNISA LEADER 01078nam0-2200373---450- 001 990008743650403321 005 20131111121521.0 010 $a978-88-7180-723-2 035 $a000874365 035 $aFED01000874365 035 $a(Aleph)000874365FED01 035 $a000874365 100 $a20081030d2008----km-y0itay50------ba 101 0 $aita 102 $aIT 105 $ay---z---001yy 200 1 $aChi sono i nemici della scienza?$eriflessioni su un disastro educativo e culturale e documenti di malascienza$fGiorgio Israel 210 $aTorino$cLindau$d©2008 215 $a343 p.$d21 cm 225 1 $a<>draghi 610 0 $aCultura scientifica - Diffusione 610 0 $aScienze - Insegnamento - Italia 676 $a507.045 676 $a501 700 1$aIsrael,$bGiorgio$021854 801 0$aIT$bUNINA$gRICA$2UNIMARC 901 $aBK 912 $a990008743650403321 952 $a501-ISR-1$b5150$fSC1 952 $a14 C.020.024$b5578$fDINMP 959 $aSC1 959 $aDINMP 996 $aChi sono i nemici della scienza$9720677 997 $aUNINA